| 000 | 00483nam a2200181 i 4500 | ||
|---|---|---|---|
| 001 | 17566 | ||
| 003 | ES-MaACL | ||
| 005 | 20230906151622.0 | ||
| 007 | t| | ||
| 008 | 010404s2000 sp ||||1| spa d | ||
| 020 | _a84-204-4194-5 | ||
| 080 | _a821.111-31"19" | ||
| 100 | 1 |
_aBerger, John. _927959 |
|
| 245 | 1 | 0 |
_aKing _b: una historia de la calle / _c[John Berger]. |
| 260 |
_aMadrid : _bAlfagura, _c[2000] |
||
| 300 |
_a222 p. ; _c24 cm. |
||
| 852 |
_aES-MaACL _jL-24530 _bR.129796 |
||
| 999 |
_c17566 _d17566 |
||